| 000 | 00000nam##2200000za#4500 |
| 001 | 9.699112 |
| 003 | CaOODSP |
| 005 | 20260106135355 |
| 007 | cr ||||||||||| |
| 008 | 150407|2002||||xxc|||||o f|0| 0 eng|d |
| 040 | |aCaOODSP|beng |
| 043 | |an-cn--- |
| 086 | 1 |aM154-77/2002E-PDF |
| 110 | 2 |aCANMET Energy Technology Centre (Canada) |
| 245 | 10|aResearch strategies relevant to heating fuel oil specifications : |h[electronic resource]|bfuel sulphur aspects literature review / |cwork performed for Environment Canada, [by] Vladimir V. Razbin, S. Win Lee, and Frank D. Friedrich. |
| 260 | |aOttawa - Ontario : |bNatural Resources Canada. |cMay 2002. |
| 300 | |a75p.|bfig., graphs, references, tables |
| 500 | |a"This work was supported in part by the federal Program on Energy Research and Development (PERD)"--Cover. |
| 590 | |a14-21-Supp|b2014-12-11 |
| 690 | 07|aAtmospheric emissions|2gcpds |
| 690 | 07|aEnvironmental protection|2gcpds |
| 690 | 07|aFuels|2gcpds |
| 775 | 08|tStratégies de recherche sur les caractéristiques du mazout domestique : |w(CaOODSP)9.643080 |
| 856 | 40|ahttp://publications.gc.ca|qPDF|s1.02 MB|uhttps://publications.gc.ca/collections/collection_2014/rncan-nrcan/M154-77-2002-eng.pdf |
| 986 | |aCETC 02-01 (TR) |